00454nam a2200169Ia 4500003000400000008004100004040001600045082001300061100002100074245004900095700002000144260003000164300001000194650002100204650002200225650003700247GCL140319s9999 xx 000 0 eng d aGCL / cGCL04a337bL I1 aLINDERT, PETER H10aINTERNATIONAL ECONOMICS / cLINDERT, PETER H1 aPUGEL, THOMAS A a[S.N] : bIRWIN ، c1996 a679 P04aFOREIGN EXCHANGE04aCOMMERCIAL POLICY04aINTERNATIONAL ECONOMIC RELATIONS